Éléments de geologie ou Changements anciens de la terre et de ses habitants tels qu'ils sont représentés par les monuments géologiques / (Record no. 158286)

MARC details
000 -LEADER
campo de control de longitud fija 01033nam a22002295i 4500
001 - NÚMERO DE CONTROL
campo de control 158286
003 - IDENTIFICADOR DE NÚMERO DE CONTROL
campo de control ES-MaACL
005 - FECHA Y HORA DE LA ÚLTIMA TRANSACCIÓN
campo de control 20250815110841.0
008 - DATOS DE LONGITUD FIJA--INFORMACIÓN GENERAL
campo de control de longitud fija 960320q18641870fr a |||| | fre d
040 ## - FUENTE DE CATALOGACIÓN
Centro catalogador/agencia de origen CLM
Lengua de catalogación spa
Centro/agencia transcriptor CCPB | SIC
100 1# - ENTRADA PRINCIPAL--NOMBRE DE PERSONA
Nombre de persona Lyell, Charles
Títulos y otros términos asociados al nombre Baron de.
9 (RLIN) 222935
245 10 - MENCIÓN DEL TÍTULO
Título Éléments de geologie ou Changements anciens de la terre et de ses habitants tels qu'ils sont représentés par les monuments géologiques /
Mención de responsabilidad, etc. par Charles Lyell, Baronnet ; traduit de l'anglais sur la sixième édition avec le consentement de l'auteur par J. Gineston.
250 ## - MENCION DE EDICION
Mención de edición 6e éd. considérablement augmentée et illustrée de 770 gravures sur bois.
260 ## - PUBLICACIÓN, DISTRIBUCIÓN, ETC.
Lugar de publicación, distribución, etc. Paris :
Nombre del editor, distribuidor, etc. Garnier Frères,
Fecha de publicación, distribución, etc. [s.a.] (
Lugar de fabricación/manufactura Corbeil :
Fabricante Typ. et ster. de Creté)
300 ## - DESCRIPCIÓN FÍSICA
Extensión 2 v. :
Otras características físicas il. ;
Dimensiones 23 cm.
596 ## - NOTA AL PIE DE IMPRENTA
NOTA AL PIE DE IMPRENTA Pref. fechado en 1864.
597 ## - NOTA DE DESCRIPCIÓN FÍSICA
NOTA DE DESCRIPCIÓN FÍSICA Port. con grab. de fósiles.
650 07 - PUNTO DE ACCESO ADICIONAL DE MATERIA--TÉRMINO DE MATERIA
Término de materia o nombre geográfico como elemento de entrada Geología
Fuente del encabezamiento o término embne
9 (RLIN) 13086
700 1# - ENTRADA AGREGADA--NOMBRE PERSONAL
Nombre de persona Ginestou, J.
9 (RLIN) 127325
852 ## - LOCALIZACIÓN
Ubicación ES-MaACL
Número de control de estantería G-9798-99
Nota libre -- Enc. hol.
Holdings
Estatus retirado Estado de pérdida Estado de daño No para préstamo Biblioteca de origen Biblioteca actual Ubicación en estantería Fecha de adquisición Total de préstamos Signatura topográfica completa Código de barras Visto por última vez Precio de reemplazo Tipo de ítem Koha
        Biblioteca del Ateneo de Madrid Biblioteca del Ateneo de Madrid Sala Pecera Planta 3 17/01/2008   G-9798-99 1165664 23/02/2023 23/02/2023 Libro impreso